00710cam a2200217 a 450000100100000000500170001000800410002702000150006804000230008308200170010610000170012324500950014026000350023530000280027049000350029849000230033350000440035665000240040065000260042483000420045000000498720200929151541.0920513s1988 sp a 001 p spa  a8476580819 aDO-SdBNPcDLCdDLC a861.6bR892g1 aRoyo, Jordi.13aIl gobbo :bpoesía reunida, 1980-1986 /cJordi Royo ; prólogo, Juan Antonio Masoliver. aBarcelona :bAnthropos,c1988. a150 p. :bil. ;c20 cm.1 aÁmbitos literarios ;vno. 901 aPoesía ;vno. 90 a"Premios Ámbito Literario 1982-1987". 4aPoesía española 4aLiteratura española 0aAmbitos literarios/Poesía ;vno. 90